Australian Brand Logos! - Statistics

General Stats
  • This quiz has been taken 107 times
  • The average score is 12 of 17
Answer Stats
Picture Answer % Correct
Qantas
92%
Hungry Jacks
91%
Woolworths
84%
Milo
82%
ABC
79%
Holden
79%
Westpac
78%
ANZ
68%
Australian Open
68%
Rip Curl
68%
Commonwealth Bank
62%
Fosters
62%
Rexona
61%
Billabong
58%
UGG
53%
Roxy
47%
Armaguard
33%
No matching quizzes found
Score Distribution
Percent of People with Each Score
Percentile by Number Answered
Your Score History
You have not taken this quiz